000
00224nam a22000857a 4500
008
170614b xxu||||| |||| 00| 0 eng d
100
_9
3405
_a
Jaini. C
245
_a
ABC Information technology- X
260
_a
New Delhi
_b
H. F. I
_c
2009
999
_c
6767
_d
6767